Пессимистические комедии / (Record no. 493371)
[ view plain ]
| 000 -LEADER | |
|---|---|
| fixed length control field | 01508nam a2200265 a 4500 |
| 001 - CONTROL NUMBER | |
| control field | 000356209 |
| 003 - CONTROL NUMBER IDENTIFIER | |
| control field | AM-YeHGA |
| 005 - DATE AND TIME OF LATEST TRANSACTION | |
| control field | 20250618075746.0 |
| 008 - FIXED-LENGTH DATA ELEMENTS--GENERAL INFORMATION | |
| fixed length control field | 040810s2004 ai r 000 0 rus d |
| 020 ## - INTERNATIONAL STANDARD BOOK NUMBER | |
| International Standard Book Number | 9994100734 |
| 040 ## - CATALOGING SOURCE | |
| Original cataloging agency | AM-YeHGA |
| 041 0# - LANGUAGE CODE | |
| Language code of text/sound track or separate title | rus |
| 090 ## - LOCALLY ASSIGNED LC-TYPE CALL NUMBER (OCLC); LOCAL CALL NUMBER (RLIN) | |
| -- | 496755 |
| 100 1# - MAIN ENTRY--PERSONAL NAME | |
| Personal name | Ернджакян, Ара |
| 245 10 - TITLE STATEMENT | |
| Title | Пессимистические комедии / |
| Statement of responsibility, etc. | Ара Ернджакян; Предисл. С. Мелоян. |
| 260 ## - PUBLICATION, DISTRIBUTION, ETC. | |
| Place of publication, distribution, etc. | Ереван : |
| Name of publisher, distributor, etc. | Тигран Мец, |
| Date of publication, distribution, etc. | 2004. |
| 300 ## - PHYSICAL DESCRIPTION | |
| Extent | В кн. ; |
| Dimensions | 21 см. |
| 500 ## - GENERAL NOTE | |
| General note | Автор выражает глубокую признательность ЗАО "Ереван Пиво" ("Киликия") и лично Ашоту Геворковичу Багдасаряну за помощь в издании книги |
| 500 ## - GENERAL NOTE | |
| General note | Содерж.: Соната для виолончели соло; Алхимик; Волк и семеро козлят, или Еще раз про козлов; Срок - семь дней; История трех преступлений; Кто есть кто в пьесе Шекспира "Гамлет": К интерпретаци образа Горацио в пьесе Шекспира "Гамлет". |
| 505 00 - FORMATTED CONTENTS NOTE | |
| Miscellaneous information | Кн. 1 (2004 , 374 с.) |
| 600 14 - SUBJECT ADDED ENTRY--PERSONAL NAME | |
| Personal name | Շեքսպիր, Ուիլյամ, |
| Dates associated with a name | 1564-1616 |
| 9 (RLIN) | 4634 |
| 650 14 - SUBJECT ADDED ENTRY--TOPICAL TERM | |
| Topical term or geographic name entry element | Армянская литература |
| General subdivision | Драматургия |
| 700 1# - ADDED ENTRY--PERSONAL NAME | |
| Personal name | Мелоян, Сона |
| Relator term | предисл. |
| Relationship | aui |
| 942 ## - ADDED ENTRY ELEMENTS (KOHA) | |
| Source of classification or shelving scheme | Universal Decimal Classification |
| Koha item type | Գրքեր / Books |
| Withdrawn status | Lost status | Source of classification or shelving scheme | Damaged status | Not for loan | Collection | Home library | Current library | Date acquired | Serial enumeration / chronology | Total checkouts | Full call number | Barcode | Date last seen | Price effective from | Koha item type | Public note |
|---|---|---|---|---|---|---|---|---|---|---|---|---|---|---|---|---|
| Universal Decimal Classification | General | Fundamental Scientific Library | Fundamental Scientific Library | 29/04/2019 | Кн. 1 | PII/658053 | FL0573940 | 29/04/2019 | 29/04/2019 | Գրքեր / Books | 30 Days Loan |
ՀՀ Գիտությունների ազգային ակադեմիայի հիմնարար գիտական գրադարան = Fundamental Scientific Library of NAS RA
All site content, except where otherwise noted, is licensed under a